Retrato entrelíneas
Guardat en:
| Autor principal: | |
|---|---|
| Format: | Llibre |
| Idioma: | espanyol |
| Publicat: |
Santiago
Centro Nacional del Patrimonio Fotográfico
2009
|
| Edició: | 1a. ed |
| Matèries: | |
| Etiquetes: |
Afegir etiqueta
Sense etiquetes, Sigues el primer a etiquetar aquest registre!
|
MARC
| LEADER | 00000nam a2200000 a 4500 | ||
|---|---|---|---|
| 001 | UCG2383 | ||
| 003 | CL-VaPUC | ||
| 008 | 100708e20090700CL |||||||||||||||||spa|d | ||
| 020 | |a 9789568137021 | ||
| 082 | 0 | 4 | |a 779.942092 |b CSI |2 21 |
| 100 | 0 | |a Csillag Pimstein, Ilonka |e author |9 550886 | |
| 245 | 1 | 0 | |a Retrato entrelíneas |
| 250 | |a 1a. ed | ||
| 300 | |a 139 p | ||
| 942 | |c BK | ||
| 945 | |d 20100708 00:00:00 |a dcastane | ||
| 260 | |a Santiago |b Centro Nacional del Patrimonio Fotográfico |c 2009 | ||
| 650 | 0 | |a Fotografía artística |9 269391 | |
| 650 | 7 | |a FOTOGRAFIA DE PERSONAS |2 CL-VaPUC |9 550887 | |
| 650 | 0 | |a Retratos fotográficos |9 545416 | |
| 583 | |a last modification |c 20100708 00:00:00 |k Rodrigo Vera | ||
| 999 | |c 341598 |d 341596 | ||
| 952 | |0 0 |1 0 |4 0 |6 779_942092000000000_CSI_2009 |7 0 |8 R |9 437213 |a BIBART |b BIBART |d 2019-11-22 |i 4689798 |o 779.942092 CSI 2009 |p 4689798 |r 2025-03-13 |w 2019-11-22 |y BK_R |k ART | ||